000 01551nam a2200397 i 4500
001 13362
003 KOSZ 005
005 20220729141008.0
008 070608s1971 pl a f 001 0 pol
015 _aPB 1971/5557
035 _a(OCoLC)749655996
040 _aWA N
_cWA N
_dKOSZ 005/KK
041 1 _apol
_hrus
080 _a537
100 1 _aSmolenskij, Georgij Anatol'evič.
_eAutor.
245 1 0 _aFerroelektryki i antyferroelektryki /
_cG. A. Smoleński i N. N. Krajnik ; [z rosyjskiego przełżyli Bożena Hilczer i Czesław Pawlaczyk].
246 1 _iTytuł oryginału:
_aSegnetoèlektriki i antisegnetoèlektriki.
260 _aWarszawa :
_bPaństwowe Wydawnictwo Naukowe,
_cdr. 1971.
300 _a210, [2] stron :
_bilustracje ;
_c18 cm.
336 _2rdacontent
_aTekst
_btxt
337 _2rdamedia
_aBez urządzenia pośredniczącego
_bn
338 _2rdacarrier
_aWolumin
_bnc
380 _aKsiążki.
490 1 _aMałe Monografie PWN. Fizyka.
504 _aBibliografia na stronach 195-198. Indeks.
658 _aInżynieria i technika
650 4 _aFerroelektryki
650 4 _aAntyferroelektryki
700 1 _aKrajnik, Nataliâ Nikolaevna.
700 1 _aHilczer, Bożena.
_eTłumaczenie
700 1 _aPawlaczyk, Czesław.
_eTłumaczenie
710 _aPaństwowe Wydawnictwo Naukowe
_4pbl.
856 _uhttp://koha.tu.koszalin.pl/cgi-bin/koha/opac-detail.pl?biblionumber=13362
_yKatalog online BPK
830 0 _aMałe Monografie PWN.
_pFizyka
942 _2UKD
_cKS
999 _c13362
_d13362